LEADER 03988nam 2200793 450 001 9910807254503321 005 20230309215229.0 010 $a1-63157-074-9 035 $a(CKB)3710000000342239 035 $a(EBL)1934291 035 $a(OCoLC)902646237 035 $a(CaBNVSL)swl00404653 035 $a(Au-PeEL)EBL1934291 035 $a(CaPaEBR)ebr11011867 035 $a(CaONFJC)MIL716218 035 $a(OCoLC)904442159 035 $a(CaSebORM)9781631570735 035 $a(MiAaPQ)EBC1934291 035 $a(EXLCZ)993710000000342239 100 $a20150131d2015 fy 0 101 0 $aeng 135 $aur|n|---||||| 181 $2rdacontent 182 $2rdamedia 183 $2rdacarrier 200 10$aStrategic management $ean executive perspective /$fCornelis A. de Kluyver and John A. Pearce II 205 $aFirst edition. 210 1$aNew York, New York (222 East 46th Street, New York, NY 10017) :$cBusiness Expert Press,$d2015. 215 $a1 online resource (274 p.) 225 1 $aStrategic management collection,$x2150-9646 300 $aDescription based upon print version of record. 311 $a1-63157-073-0 320 $aIncludes bibliographical references (pages 233-244) and index. 327 $a1. What is strategy? -- 2. Strategy and performance -- 3. Analyzing the external strategic environment -- 4. Analyzing an industry -- 5. Analyzing a company's strategic resource base -- 6. Formulating business unit strategy -- 7. Business unit strategy: contexts and special dimensions -- 8. Global strategy, fundamentals -- 9. Global strategy, adapting the business model -- 10. The board's role in strategic management -- Notes -- Index. 330 3 $aThe principal objectives of this book are to assist practicing managers in preparing to assume executive responsibilities and to introduce MBA and Executive MBA students to an executive perspective on strategic management. Organizational success crucially depends on having a superior strategy and effectively implementing it. Companies that outperform their rivals typically have a better grasp of what customers value, who their competitors are, and how they can create an enduring competitive advantage. Successful strategies reflect a solid grasp of relevant forces in the external and competitive environment, a clear strategic intent, and a deep understanding of a company's core competencies and assets. Generic strategies rarely propel a firm to a leadership position. Knowing where to go and finding carefully considered, creative ways of getting there are the hallmarks of successful strategy. Perhaps even more important to success is the ability to effectively implement a chosen strategy--marshaling the right resources and talent, creating a functional organizational structure, fostering a beneficial corporate culture and providing appropriate incentives. 410 0$aStrategic management collection.$x2150-9646 606 $aStrategic planning 610 $aStrategy formulation 610 $acorporate strategy 610 $abusiness unit strategy 610 $acompetitive advantage 610 $abusiness model 610 $ainnovation 610 $avalue creation 610 $avalue proposition 610 $amarkets 610 $asegmentation 610 $apositioning 610 $avalue disciplines 610 $amarket participation 610 $asupply chain infrastructure 610 $aglobal management model 610 $aglobal industry 610 $aglobal branding 610 $ainnovation 610 $aoutsourcing 610 $aoffshoring 610 $aboard of directors 615 0$aStrategic planning. 676 $a658.4012 700 $aDe Kluyver$b Cornelis A.$0862478 702 $aPearce$b John A.$cII, 801 0$bMiAaPQ 801 1$bMiAaPQ 801 2$bMiAaPQ 906 $aBOOK 912 $a9910807254503321 996 $aStrategic management$93983161 997 $aUNINA LEADER 01311nas 2200433-a 450 001 996206398303316 005 20240129213017.0 035 $a(DE-599)ZDB2618940-9 035 $a(OCoLC)571588482 035 $a(CKB)2670000000093352 035 $a(CONSER)--2011234548 035 $a(EXLCZ)992670000000093352 100 $a20100325b19491950 --- - 101 0 $afre 135 $aurbn||||||abp 135 $aurbn||||||ada 181 $ctxt$2rdacontent 182 $cc$2rdamedia 183 $acr$2rdacarrier 200 00$aCahiers d'histoire de la guerre 210 $aParis $cImprimerie nationale$d1949-1950 311 $a1245-9151 606 $aWorld War, 1939-1945$vPeriodicals 606 $aTweede Wereldoorlog$2gtt 606 $aGuerre mondiale, 1939-1945$vPériodiques 608 $aCzasopismo historyczne.$2dbn 608 $aPeriodicals.$2fast 608 $aPeriodicals.$2lcgft 615 0$aWorld War, 1939-1945 615 17$aTweede Wereldoorlog. 615 6$aGuerre mondiale, 1939-1945 686 $a15.50$2bcl 686 $a15.70$2bcl 702 $aMichel$b Henri$f1907-1986, 712 02$aFrance.$bComité d'histoire de la Deuxième Guerre mondiale. 906 $aJOURNAL 912 $a996206398303316 996 $aCahiers d'histoire de la guerre$92025900 997 $aUNISA